La revolución francesa

保存先:
書誌詳細
第一著者: Soboul, Albert (著者)
フォーマット: 図書
言語:スペイン語
出版事項: Barcelona Orbis 1985
シリーズ:Biblioteca de Historia, 2
主題:
タグ: タグ追加
タグなし, このレコードへの初めてのタグを付けませんか!

MARC

LEADER 00000nam a2200000 a 4500
001 UCL1600
003 CL-VaPUC
008 030911e19850000SP |||||||||||||||||spa|d
020 |a 8475309445 
082 0 4 |a 944.04  |b SOB  |2 21 
100 0 |a Soboul, Albert  |e author  |9 478462 
245 1 3 |a La revolución francesa 
300 |a 150 p 
942 |c BK 
945 |d 20030911 00:00:00  |a cmena 
260 |a Barcelona  |b Orbis  |c 1985 
650 0 |a Historia de Francia  |9 336927 
650 0 |a Historia Siglo 18  |9 257136 
650 0 |a Aspectos políticos   |9 257400 
583 |a last modification  |c 20030911 00:00:00  |k Rodrigo Vera 
490 0 |a Biblioteca de Historia, 2 
999 |c 305097  |d 305095 
952 |0 0  |1 0  |4 0  |6 944_040000000000000_SOB_1985  |7 0  |8 A  |9 368068  |a BIBHIS  |b BIBHIS  |d 2019-11-21  |i 3907309  |o 944.04 SOB 1985  |p 3907309  |r 2025-01-20  |w 2019-11-21  |y BK  |k HIS